Paroles - PZK - Chuis Bo - Statistiques

Statistiques générales
  • Ce quiz a été pris 2 262 fois
  • Le résultat moyen est 216 sur 311
Statistiques - réponses
Paroles % Correct
beau
100%
bo
99%
Bo
99%
Chuis
99%
chuis
99%
de
98%
Le
97%
le
97%
me
97%
a
96%
A
96%
comme
96%
par
96%
je
95%
Je
95%
mec
95%
parfait,
95%
parfait
95%
pas
95%
défaut
94%
zéro
94%
comment
93%
au
91%
crois
91%
que
91%
J'y
90%
J'suis
89%
j'suis
89%
Les
89%
les
89%
ma
89%
peut
89%
suis
88%
regard
87%
Sur
86%
sûr
86%
sur
86%
en
84%
même
84%
Même
84%
moi
84%
photo
84%
Putain,
83%
Putain
83%
regarde
83%
Regarde
83%
J'ai
82%
j'ai
82%
mon
82%
Mon
82%
un
82%
Un
82%
ce
80%
portes
80%
automatiques
79%
Et
79%
et
79%
meuf,
79%
bonne
78%
s'ouvrent
78%
trop
78%
Trop
78%
place
76%
Goss
75%
j'me
75%
Louvre
75%
quand
75%
une
75%
bête
74%
être
74%
jouis
74%
parfois,
74%
photos
74%
Mais
73%
Y
73%
avoir
72%
Facebook
72%
morceau
72%
qui
72%
voitures
72%
Tellement
70%
d'art
69%
Toutes
69%
trouvé
69%
gars
68%
J'devrais
68%
supermarché
68%
déconne
67%
d'oeuvre
67%
se
67%
truc
67%
52000
66%
aux
66%
franchement
66%
J'dédicace
65%
klaxonnent
65%
plaire
64%
veux
63%
coeur,
61%
J'finis
61%
qu'tu
61%
Bouche
59%
d'sex
59%
peau
59%
pour
59%
appeal,
58%
Ca
58%
dans
58%
droit
58%
sais
58%
qu'au
56%
mecs
54%
chaud
51%
du
51%
j'le
51%
plus
51%
qu'j'suis
51%
filles
50%
ne
50%
c'est
49%
Mes
49%
abdos,
47%
l'ai
47%
si
47%
douche
46%
vrai
46%
fessiers
45%
fume
45%
J'les
45%
Muscu,
45%
bois
44%
leur
44%
mérité
44%
motion"
44%
"slow
44%
temps
44%
Bien
43%
cul,
43%
égo,
43%
entre
43%
parce
43%
possible
43%
tatouage
43%
faire
42%
libido
42%
Mickael
42%
parents
42%
tous
42%
tribal
42%
veulent
42%
autres
41%
bras
41%
croise
41%
fossé,
41%
mal
41%
besoin
40%
gras,
40%
J'prends
40%
résultat
40%
retire
40%
sentent
40%
vaut
40%
Vendetta
40%
d'être
39%
Explosent
39%
mannequinat
39%
Non,
39%
charme
38%
craquant
38%
grand
38%
poids
38%
font
37%
j'perds
37%
Voila
37%
Car
36%
cause
36%
déshabiller
36%
état
36%
J'mange
36%
kilos
36%
sale
36%
vas
36%
j'mets
35%
J'mets
35%
laisse
35%
l'auto-bronzant
34%
moulant
34%
90
33%
attirent
33%
rhabiller
33%
peuvent
32%
sport,
31%
petit
30%
J'fais
29%
soigne
28%
stade
28%
dieux
25%
jeans
24%
l'placement
23%
produit
23%
vingt
13%
ans,
12%
snappback
9%
Freaks
5%
Aucun quiz correspondant
Distribution des résultats
% des personnes avec chaque résultat
Percentile par nombre de réponses
Votre historique - résultats
Vous n’avez pas pris ce quiz